| 000 | 00374nam a2200145Ia 4500 | ||
|---|---|---|---|
| 005 | 20251222144823.0 | ||
| 008 | 251222s9999||||xx |||||||||||||| ||spa|| | ||
| 020 | _a9972600718 | ||
| 082 | _a266.009.85/R68 | ||
| 100 | _aRizo Patrón, Francisco | ||
| 245 | 0 | _aRaíces Católicas del Perú | |
| 250 | _a1ra.ed. | ||
| 264 | _bAsociación Vida y Espiritualidad | ||
| 942 | _cLIB | ||
| 999 |
_c20554 _d20554 |
||